| 000 | 00930nas a2200253 4500 | ||
|---|---|---|---|
| 001 | BR9512056 | ||
| 003 | BR-BrBNA | ||
| 005 | 20231205095629.0 | ||
| 007 | ta | ||
| 008 | 230509b bl.|||p| |||| 00| 00por d | ||
| 040 |
_aBR-BrBNA _bpor _cBiblioteca Nacional de Agricultura |
||
| 041 | _a(Pt) | ||
| 072 | _aF01 | ||
| 100 | 1 | _aBrighenti, E. | |
| 100 | 1 | _aPetri, J.L. | |
| 111 | 1 |
_a12. Congresso Brasileiro de Fruticultura _cPorto Alegre, RS (Brazil) _d17-22 Jan 1993 |
|
| 245 | 1 | _aEfeito de concentracoes de cianamida hidrogenada associada com oleo mineral, na brotacao das pereiras cvs. Willian's e Packham's Triumph, na regiao de Sao Joaquim, SC | |
| 650 | _aPera | ||
| 650 | _aRegulador de Crescimento | ||
| 650 | _aQuebra da Dormencia | ||
| 773 | 0 |
_tRevista Brasileira de Fruticultura (Brazil) _xISSN 0100-2945 _g1992, v. 14(2) p. 169-174 _wBR9512056 |
|
| 909 |
_a202311 _bLúcia _c55 _dLúcia Elande |
||
| 942 |
_2AGRIS _n0 _cANA |
||
| 999 |
_c151807 _d151807 |
||